Tiếng Nhật thực dụng

Nội dung sách giới thiệu những mẫu câu, đàm thoại; các kỹ năng về văn phạm, từ vựng và những cách đàm thoại thực tế trong tiếng Nhật.

Gardado en:
Detalles Bibliográficos
Autor Principal: Trần, Việt Thanh
Formato: Libro
Idioma:Undetermined
Publicado: Thành phố Hồ Chí Minh Văn hóa - Văn nghệ Thành phố Hồ Chí Minh 2014
Những chủ đề:
Các nhãn: Engadir etiqueta
Sen Etiquetas, Sexa o primeiro en etiquetar este rexistro!
Thư viện lưu trữ: Trung tâm Học liệu Trường Đại học Cần Thơ
LEADER 00906nam a2200217Ia 4500
001 CTU_197250
008 210402s9999 xx 000 0 und d
020 |c 85000 
082 |a 495.6 
082 |b Th107/T.1 
100 |a Trần, Việt Thanh 
245 0 |a Tiếng Nhật thực dụng 
245 0 |c Trần Việt Thanh 
260 |a Thành phố Hồ Chí Minh 
260 |b Văn hóa - Văn nghệ Thành phố Hồ Chí Minh 
260 |c 2014 
520 |a Nội dung sách giới thiệu những mẫu câu, đàm thoại; các kỹ năng về văn phạm, từ vựng và những cách đàm thoại thực tế trong tiếng Nhật. 
650 |a Japanese language,Tiếng Nhật 
650 |x Study and teaching,Học và giảng dạy 
904 |i Tuyến 
980 |a Trung tâm Học liệu Trường Đại học Cần Thơ